Dates Historiques #2 - Statistiques

Statistiques générales
  • Ce quiz a été pris 164 fois
  • Le résultat moyen est 7 sur 12
Statistiques - réponses
Hint Réponse % Correct
Premier Homme sur la Lune 1969
94%
Waterloo 1815
85%
Effondrement de l'empire romain D'ORIENT 1453
58%
Première Coupe du Monde FOOTBALL 1930
56%
Naissance Hitler 1889
54%
Guerre de Cent-Ans DEBUT 1337
49%
Début du calendrier musulman 622
49%
Coup D'Etat de Louis-Napoléon Bonaparte 1851
48%
Tour de la Terre de Magellan DEBUT 1519
42%
Tour de la Terre de Magellan FIN 1522
42%
Unification de l'Allemagne 1871
41%
Première Croisade 1096
33%
Aucun quiz correspondant
Distribution des résultats
% des personnes avec chaque résultat
Percentile par nombre de réponses
Votre historique - résultats
Vous n’avez pas pris ce quiz